Introduction to remote sensing (Record no. 396820)

MARC details
000 -LEADER
fixed length control field 00537 a2200205 4500
005 - DATE & TIME
control field 20260318090655.0
008 - FIXED-LENGTH DATA ELEMENTS--GENERAL INFORMATION
fixed length control field 260317b |||||||| |||| 00| 0 eng d
020 ## - ISBN
International Standard Book Number 9798898483784
Price $ 120.00
040 ## - CATALOGING SOURCE
Original cataloging agency VIVEKANANDA LIBRARY
082 ## - DDC NUMBER
Classification number 621.3678
Book Number F877I
100 ## - MAIN ENTRY--PERSONAL NAME
Personal name Freeman, Hudson
245 ## - TITLE STATEMENT
Title Introduction to remote sensing
260 ## - PUBLICATION, DISTRIBUTION, ETC. (IMPRINT)
Name of publisher, distributor, etc Wh Haufmann
Date of publication, distribution, etc 2026
Place of publication, distribution, etc Wyoming
300 ## - PHYSICAL DESCRIPTION
Pages 128
650 ## - Subject
Subject Enginerring
650 ## - Subject
Subject Applied Engineering
650 ## - Subject
Subject Optical Electronics
650 ## - Subject
Subject Remote Sensing Technology
942 ## - ADDED ENTRY ELEMENTS (KOHA)
Koha item type Books
Holdings
Withdrawn status Lost status Source of classification or shelving scheme Damaged status Not for loan Location (home branch) Sublocation or collection (holding branch) Shelving location Date acquired Koha issues (times borrowed) Koha full call number Accession No. Koha date last seen Koha item type
    Dewey Decimal Classification     VIVEKANANDA LIBRARY VIVEKANANDA LIBRARY Vivekananda Library 11/02/2026   621.3678 F877I 438288 11/02/2026 Books
© Designed and Maintained by Vivekananda Library, MDU Rohtak